000 00493nam a2200181Ia 4500
008 100920s9999 xx 000 0 und d
082 _b20307
_a7 0
100 _aGauba K. L.
245 _aSENSATIONAL TRAIALS OF CRIME.
260 _bHIND KITAB LTD ., BOMBAY.
_c0
300 _a158
_bसाधी
365 _b0
520 _aस्टोरी.
630 _aSENSATIONAL TRAIALS OF CRIME.
650 _aस्टोरी.
730 _aSENSATIONAL TRAIALS OF CRIME.
942 _cBOOK
999 _c680963
_d680960